Interpersonal processes

Bibliographic Details
Other Authors: Oskamp, Stuart, Spacapan, Shirlynn
Format: Book
Published: Newburry Park : Sage Publications , 1987
Subjects:

MARC

LEADER 00000cam a2200000 7i4500
001 0000003438
005 20050506.0
020 |a 0803929811 
040 |a INS 
090 0 0 |a HM132.   |b I555 1987 
245 1 0 |a Interpersonal processes   |c edited by Stuart Oskamp 
260 |a Newburry Park :   |b Sage Publications ,   |c 1987 
300 |a 230 p. ;   |c 21 cm. 
650 0 0 |a Interpersonal relations   |x Congresses 
650 0 0 |a Social groups   |x Congresses 
700 1 |a Oskamp, Stuart 
700 1 |a Spacapan, Shirlynn 
999 |a 0000004411   |b BOOK   |c Open Shelf   |e Default branch 
999 |a 0000005059   |b BOOK   |c Open Shelf   |e Default branch